pulldrone - ethel cain - Statistics

General Stats
  • This quiz has been taken 19 times
  • The average score is 207 of 264
Answer Stats
Answer % Correct
a
100%
am
100%
apathy
100%
great
100%
i
100%
on
100%
one
100%
the
100%
what
100%
again
86%
all
86%
an
86%
and
86%
are
86%
as
86%
be
86%
bearing
86%
dislocate
86%
false
86%
fit
86%
for
86%
in
86%
jaw
86%
lo
86%
longer
86%
my
86%
no
86%
not
86%
nothing
86%
of
86%
of?
86%
perversion
86%
place
86%
same
86%
speak
86%
there
86%
this
86%
three
86%
through
86%
to
86%
two
86%
was
86%
we
86%
will
86%
witness
86%
you
86%
against
71%
always
71%
amen
71%
angel
71%
audience
71%
back
71%
began
71%
bells
71%
but
71%
chews
71%
claw
71%
cold
71%
come
71%
dark
71%
disruption
71%
eight
71%
eleven
71%
errand
71%
five
71%
flush
71%
fools
71%
four
71%
geometry
71%
goes
71%
good
71%
happens
71%
hate
71%
have
71%
hell
71%
how
71%
insatiable
71%
inside
71%
is
71%
it
71%
ive
71%
let
71%
live
71%
me
71%
mist
71%
much
71%
muscle
71%
must
71%
nature
71%
need
71%
nine
71%
ouroboros
71%
over
71%
plummeting
71%
possessed
71%
proud
71%
punishment
71%
resentment
71%
room
71%
sacred
71%
see
71%
sent
71%
seven
71%
shimmering
71%
shudder
71%
since
71%
sing
71%
sinners
71%
six
71%
speaking
71%
sure
71%
tell
71%
ten
71%
that
71%
therein
71%
these
71%
though
71%
twelve
71%
veil
71%
way
71%
aggrandization
57%
beams
57%
beauty
57%
consequence
57%
crane
57%
curiosity
57%
desolation
57%
edge
57%
fairness
57%
feeling
57%
god
57%
him
57%
know
57%
knowledge
57%
knows
57%
laurels
57%
lies
57%
moment
57%
neck
57%
onanism
57%
overwhelming
57%
pull
57%
quick
57%
sensation
57%
separation
57%
shining
57%
sigh
57%
stars
57%
such
57%
want
57%
wellspring
57%
wheel
57%
with
57%
yes
57%
agony
43%
annihilation
43%
assimilation
43%
degradation
43%
delineation
43%
down
43%
send
43%
your
43%
cordage
29%
suffication
0%
No matching quizzes found
Score Distribution
Percent of People with Each Score
Percentile by Number Answered
Your Score History
You have not taken this quiz